All Flying Wyverns in Monster Hunter - Statistics

General Stats
  • This quiz has been taken 8 times
  • The average score is 39 of 50
Answer Stats
Generation Answer % Correct
1st Generation Azure Rathalos
100%
1st Generation Gold Rathian
100%
5th Generation Legiana
100%
5th Generation Nightshade Paolumu
100%
5th Generation Paolumu
100%
1st Generation Pink Rathian
100%
1st Generation Rathalos
100%
1st Generation Rathian
100%
1st Generation Silver Rathalos
100%
5th Generation Apex Diablos
80%
5th Generation Apex Rathalos
80%
5th Generation Apex Rathian
80%
6th Generation Arkveld
80%
4th Generation Astalos
80%
3rd Generation Barioth
80%
1st Generation Basarios
80%
1st Generation Black Diablos
80%
1st Generation Black Gravios
80%
4th Generation Boltreaver Astalos
80%
3rd Generation Brute Tigrex
80%
1st Generation Diablos
80%
4th Generation Dreadking Rathalos
80%
4th Generation Dreadqueen Rathian
80%
1st Generation Gravios
80%
3rd Generation Green Nargacuga
80%
4th Generation Grimclaw Tigrex
80%
1st Generation Khezu
80%
3rd Generation Lucent Nargacuga
80%
4th Generation Molten Tigrex
80%
1st Generation Monoblos
80%
2nd Generation Nargacuga
80%
1st Generation Red Khezu
80%
6th Generation Rey Dau
80%
4th Generation Ruby Basarios
80%
3rd Generation Sand Barioth
80%
4th Generation Seregios
80%
5th Generation Shrieking Legiana
80%
4th Generation Silverwind Nargacuga
80%
2nd Generation Tigrex
80%
1st Generation White Monoblos
80%
3rd Generation Baleful Gigginox
60%
5th Generation Bazelgeuse
60%
4th Generation Bloodbath Diablos
60%
5th Generation Espinas
60%
5th Generation Flaming Espinas
60%
5th Generation Frostfang Barioth
60%
3rd Generation Gigginox
60%
5th Generation Seething Bazelgeuse
60%
2nd Generation Akantor
40%
2nd Generation Ukanlos
40%
No matching quizzes found
Score Distribution
Percent of People with Each Score
Percentile by Number Answered
Your Score History
You have not taken this quiz